|
|
|
|
| LEADER |
00000cam a2200000 a 4500 |
| 001 |
vtls009511741 |
| 003 |
SK-MaSNL |
| 005 |
20260302010122.0 |
| 008 |
240313s2009 xo ol f 000 m slo |
| 015 |
|
|
|a SNBA2010/05-02728
|
| 020 |
|
|
|a 9788097009748
|q (viaz.)
|
| 035 |
|
|
|a B3225FCE-32B6-4FF9-9D9B-A83AD781E75D
|
| 035 |
|
|
|a urn:nbn:sk:snk-aml6rm
|
| 035 |
|
|
|a urn:nbn:sk:snk-am008ub8
|
| 040 |
|
|
|a SNK
|b slo
|c SNK
|e AACR2
|
| 041 |
0 |
|
|a slo
|
| 044 |
|
|
|a xo
|c SK
|
| 072 |
|
7 |
|a 159.95
|x Vyššie duševné procesy
|2 konspekt
|
| 080 |
|
|
|a 159.9-022.211
|2 2001
|
| 080 |
|
|
|a 159.95
|2 2001
|
| 080 |
|
|
|a 159.923.5
|2 2001
|
| 080 |
|
|
|a 171
|2 2001
|
| 080 |
|
|
|a (0:82-4)
|2 2001
|
| 100 |
1 |
|
|a Krásenský, Otakar,
|d 1934-
|4 aut
|9 137419
|
| 245 |
1 |
0 |
|a Pozitívne správanie
|b vážne, veselé a poučné zamyslenia s aforizmami nad východiskami z rôznych situácií
|c Otakar Krásenský
|
| 250 |
|
|
|a 3. vyd.
|
| 260 |
|
|
|a Michalovce
|b Jaroslav Mihaľko
|c 2009
|
| 300 |
|
|
|a 191 s.
|b fotogr., noty
|c 22 cm
|
| 650 |
0 |
7 |
|a pozitívna psychológia
|2 SNKPH
|9 75486
|
| 650 |
0 |
7 |
|a ľudské správanie
|2 SNKPH
|9 69832
|
| 650 |
0 |
7 |
|a pozitívne myslenie
|2 SNKPH
|9 4009
|
| 650 |
0 |
7 |
|a životné problémy
|2 SNKPH
|9 4390
|
| 650 |
0 |
7 |
|a Positive psychology
|2 SNKPHeng
|9 363155
|
| 650 |
0 |
7 |
|a Human behavior
|2 SNKPHeng
|9 318571
|
| 650 |
0 |
7 |
|a Positive thinking
|2 SNKPHeng
|9 266375
|
| 650 |
0 |
7 |
|a Life problems
|2 SNKPHeng
|9 322086
|
| 655 |
|
7 |
|a Essays
|2 SNKPHeng
|9 267540
|
| 655 |
|
7 |
|a úvahy
|2 SNKPH
|9 29403
|
| 919 |
|
|
|a 978-80-970097-4-8
|
| 958 |
|
|
|a OND
|
| 968 |
|
|
|d 1
|
| 999 |
|
|
|c 1002004
|d 1003934
|
| 952 |
|
|
|a SNK
|b SNK
|y VYP
|7 0
|p 17A0645528
|o snkSC 139039 D1
|i snk2010/2767
|8 0
|0 0
|1 0
|4 0
|d 2010-02-11
|l 0
|r 2026-02-24 12:23:59
|w 2026-02-24
|
| 952 |
|
|
|a SNK
|b SNK
|y PREZ
|7 0
|p 17A0645527
|o snkSC 139039
|i snk2010/2765
|8 0
|0 0
|1 0
|4 0
|d 2010-02-11
|f 1
|l 0
|r 2017-06-30 00:00:00
|w 2026-02-24
|